Up & Down, In & Out Words II Quiz Stats

Quiz Updated Feb 10, 2015

Challenge
Share
Tweet
Embed
Score 0/22 Timer 03:00
0 Plays Today
% Correct
Stay up
88.2%
Hold-up
87.7%
Stay in
85.7%
Lock up
85.4%
Run-down
84.8%
Lockdown
83.8%
Step in
79.5%
Stay out
78.9%
Run up
76.6%
Run-in
74.8%
Hold out
74.4%
% Correct
Lockout
74.2%
Stay down
72.2%
Run out
71.2%
Hold down
69.8%
Pull down
66.7%
Step up
64.3%
Hold in
63.6%
Pull out
63.5%
Step down
63%
Lock-in
45.5%
Pull up
45.3%

You're not logged in!

Compare scores with friends on all Sporcle quizzes.
Sign Up with Email
OR
Log In

You Might Also Like...

Show Comments

Extras

Top Quizzes Today


Score Distribution

Your Account Isn't Verified!

In order to create a playlist on Sporcle, you need to verify the email address you used during registration. Go to your Sporcle Settings to finish the process.